000 00595nam a2200205Ia 4500
003 GCL
008 140319s9999 xx 000 0 eng d
040 _aGCL /
_cGCL
082 0 4 _a892.76
_bL Y
100 1 _aLEILA ABOUZEID
245 1 0 _aYEAR OF THE ELEPHANT: AMERCAN WOMEN'S JOURNEY TOWARDS INDEPENDENCE AND OTHER STORIES /
_cLEILA ABOUZEID
700 1 _aPARMENTER,BARBARE
260 _a[S.N] :
_bTHE AMERICAN UNIVERSITY IN CAIRO PRESS ،
_c1992
300 _a103 P
650 0 4 _aLITERATURE
650 0 4 _aARABIC LITERATURE
650 0 4 _aFICTION
650 0 4 _aMOROCCO
942 _2ddc
_cBK
999 _c12514
_d12514